000 00934nam a2200265Ia 4500
003 OSt
005 20220923211011.0
006 a|||||r|||| 00| 0
007 ta
008 220922b |||||||| |||| 00| 0 hin d
020 _a817055151X (hbk)
_c195
024 _a241,552
037 _b516, 08/03/2010, Vani Prakashan
_cTextual
040 _aARTS
_cARTS
_bhin
041 _2hin
_ahin
082 _aO152,1N112:g, M8;N8
100 _aअरगडे़, रंजना
_9157007
245 0 _aकवियों के कवि शमशेर
246 _aKaviyoan ke kavi shamashera
250 _aद्वितीय संस्करण
260 _aनयी दिल्ली
_b वाणी प्रकाशन
_c1998
300 _a241पृ.
_ccm.
942 _hO152,1N112:g, M8;N8
_cTEXL
_2CC
999 _c293728
_d293728